000 00611nam a2200205Ia 4500
003 GCL
008 140319s9999 xx 000 0 ara d
040 _aGCL /
_cGCL
082 0 4 _a155.9
_bج ك
100 1 _aجوزيف صابر
245 1 0 _aكيف تساعد الاخرين? /
_cجوزيف صابر
700 1 _aرامز عطاالله
260 _a[S.N] :
_bدار الثقافة العربية
300 _a170 ص
490 _aسلسلة كتب المشورة
_v0
650 0 4 _aعلم النفس
650 0 4 _aالشخصية
650 0 4 _aعلم النفس الاجتماعى
942 _2ddc
_cBK
999 _c52696
_d52696